000 00251nam a2200109Ia 4500
008 190216s9999||||xx |||||||||||||| ||und||
100 _aSukumar Azheekode
245 0 _aMahathmavinde Margam
260 _bNbs Kottayam
650 _aPadanam
942 _cBK
999 _c24582
_d24582